000 01341nam a2200397 a 4500
001 22311
003 VRT
005 20260326090057.0
008 101011s2010 xo a d 000 f slo d
020 _a9788055122434 (brož.)
035 _a(VRT)vtls010123683
039 9 _a201011230818
_bmuro
_c201011120811
_dscepkova
_c201010111512
_dedita
040 _aSVKBB
_bslo
_cUKB
_eAACR2
041 1 _aslo
_heng
044 _axo
_cSK
072 7 _a821.111(73)
_xAmerická literatúra
_2konspekt
080 _a821.111(73)-31
_22004
080 _a(0:82-312.4)
_22004
100 1 _aZuiker, Anthony E.
240 1 0 _aLevel 26 : dark orgins.
245 1 0 _aLevel 26
_bnetvor z temnoty
_cAnthony E Zuiker, Duane Swierczynski ; [z anglického originálu preložila Marina Gálisová ; ilustrácie Marek Eck]
260 _aBratislava
_bIkar
_c2010
300 _a349 s.
_bil.
653 _a821.111(73)-31
653 _a(0:82-312.4)
655 7 _aamerické romány
_2UKBPH
655 7 _athrillery (romány)
_2UKBPH
700 1 _aSwierczynski, Duane
_4aut
700 1 _aGálisová, Marina
_4trl
700 1 _aEck, Marek
_4ill
910 _aukb
942 _2ddc
_cKLDO
_n0
949 _61800483043
_aSL.D.79792
_bPV.9825-2010
949 _61800483044
_aSK.D.47945
_bPV.9826-2010
_s6707:20101126
999 _c22311
_d22311